000 01555cam a22003495a 4500
001 L141147
002 16987
008 071030s2007 xxka f 001 0 eng d
020 _a9781408250006
035 _a(Sirsi) u141147
041 0 _aeng
050 0 4 _a690 $2 18
100 1 _aFoster, Jack Stroud
240 _aMitchell's structure and fabric
245 0 0 _aMitchell's Structure and fabric
_bpart 2
_h[electronic resource]
250 _a7th ed.
260 _aHarlow
_bPearson Education
_c2007
300 _aeBook
490 0 _aMitchell's Building Series
505 2 _aContract planning and organisation -- Foundations -- Walls and piers -- Multi-storey structures -- Floor structures -- Chimney shafts, flues and ducts -- Stairs, ramps and ladders -- Roof structures -- Fire safety -- Temporary works
520 _aProvides a detailed appraisal of the techniques used in the construction of various types of building, and builds on the construction principles introduced in part one (ISBN 9780131970946). Incorporates recent changes in building regulations, national and European standards, and related research papers.
520 _aSupersedes 6th edition (ISBN 0582405203).
521 2 _aAdvanced
590 _aKA
650 2 4 _aEBOOK
651 4 _aUnited Kingdom
_y
690 _aBUILT ENVIRONMENT-BUILDING ELEMENTS-COMPLETE BUILDING ELEMENTS
700 1 _aHarington, Raymond
700 1 _aGreeno, Roger
856 4 8 _uhttps://www.vlebooks.com/
_zView on VLEbooks. Logins for members only from [email protected]
942 _n0
999 _c107611
_d107611